Statistiken für Nationalflaggen Quiz #2

Klicken Sie hier um das Quiz zu spielen!

Allgemein

  • Dieses Quiz wurde 15.007 mal gespielt
  • Das Durchschnittsergebnis liegt bei 17 aus 20

Antwortstatistiken

Antwort% Korrekt
Deutschland
100%
Spanien
99%
Schweiz
99%
Türkei
98%
Österreich
95%
Südkorea
95%
Finnland
95%
Argentinien
94%
Dänemark
92%
Ukraine
88%
Indien
88%
Zypern
86%
Island
85%
Saudi-Arabien
85%
Chile
77%
Uruguay
75%
Thailand
72%
Vietnam
72%
Kambodscha
56%
Taiwan
50%

Verteilung der Resultate

Perzentil nach korrekt beantworteten Fragen

Anzahl Personen mit jedem Resultat

Ihre Resultats-Entwicklung

Sie haben dieses Quiz noch nicht gespielt